000 01994cam a22004454i 4500
003 PE-LiUPU
005 20250731172903.0
008 150706s r 000 0 d
020 _a0801048729
020 _a9780801048722
035 _a(Sirsi) a166058
040 _aPE-LiUPU
_bspa
_cPE-LiUPU
_erda
049 _aPRUA
082 0 4 _a248
_bH36
_223
100 1 _aHeintzman, Paul.,
_eautor.
245 0 0 _aLeisure and spirituality :
_bbiblical, historical, and contemporary perspectives /
_cPaul Heintzman.
264 1 _aGrand Rapids, Michigan :
_bBaker Academic,
_c2015.
300 _axxviii, 324 páginas :
_bilustraciones ;
_c24 centímetros.
336 _atext
_2rdacontent
337 _aunmediated
_2rdamedia
338 _avolume
_2rdacarrier
505 0 _aLeisure in contemporary society. Concepts of leisure ; Contemporary leisure trends and issues -- The history of the leisure concept. The history of classical leisure ; The history of leisure as activity -- The biblical background to leisure. The Sabbath ; The biblical concept of rest ; Other biblical words and themes related to leisure -- Leisure and work. Work today and in the past ; The biblical view of work -- Christian perspectives on leisure. A critique of the concepts of leisure ; Leisure, work, and ethics -- A leisurely spirituality. leisure and spiritual well-being ; Leisure-spiritual coping.
526 _aSEG42
526 _aSEG41
526 _aSEG40
526 _aSEG39
526 _aP94
526 _aP87
526 _aP86
526 _aP85
526 _aP77
526 _aP76
526 _aP35
650 0 4 _aOcio
_xAspectos religiosos
_xCristianismo.
942 _2ddc
_cBOOK
994 _aC0
_bPEPRU
596 _a1
999 _a248 H36
_wLC
_c14796
_i75225
_f2021-11-10
_g5
_lCCODEBUL1
_mBUL
_p24.99
_r0
_sY
_tBOOK
_u2017-1-12
_xTEOLOGIA
_PP85
_0COMPRA
_o.STAFF. Colección Teología
_d14796
980 _81
_gALBERTO SANCHEZ Responsable de Automatización